|
|
|
|
| LEADER |
00000nam0a2200000 4500 |
| 001 |
308176 |
| 005 |
20231101012226.0 |
| 035 |
|
|
|a (RuTPU)RU\TPU\book\333485
|
| 090 |
|
|
|a 308176
|
| 100 |
|
|
|a 20151029d1975 m y0rusy50 ca
|
| 101 |
1 |
|
|a fre
|c rus
|
| 102 |
|
|
|a RU
|
| 105 |
|
|
|a a j 000zy
|
| 200 |
1 |
|
|a Физика полупроводников
|d La physique des semiconducteurs
|
| 205 |
|
|
|a 2-е изд.
|
| 210 |
|
|
|a Москва
|c Мир
|d 1975
|
| 215 |
|
|
|a 728 с.
|c ил.
|
| 300 |
|
|
|a На французском языке
|
| 510 |
1 |
|
|a La physique des semiconducteurs
|z fre
|
| 606 |
1 |
|
|a Полупроводники
|x Физика
|2 stltpush
|3 (RuTPU)RU\TPU\subj\50607
|
| 610 |
1 |
|
|a проводимость
|
| 610 |
1 |
|
|a теория
|
| 610 |
1 |
|
|a зонная теория
|
| 610 |
1 |
|
|a электроны
|
| 610 |
1 |
|
|a дырки
|
| 610 |
1 |
|
|a статистика
|
| 610 |
1 |
|
|a транспортные эффекты
|
| 610 |
1 |
|
|a теория возмущений
|
| 610 |
1 |
|
|a кинетические явления
|
| 610 |
1 |
|
|a рассеяние
|
| 610 |
1 |
|
|a контактные явления
|
| 610 |
1 |
|
|a неравновесные электроны
|
| 610 |
1 |
|
|a носители заряда
|
| 610 |
1 |
|
|a рекомбинация
|
| 610 |
1 |
|
|a уравнения
|
| 610 |
1 |
|
|a непрерывность
|
| 610 |
1 |
|
|a оптические явления
|
| 610 |
1 |
|
|a фотоэлектрические явления
|
| 610 |
1 |
|
|a эффект Фарадея
|
| 610 |
1 |
|
|a теория групп
|
| 610 |
1 |
|
|a спин-орбитальное расщепление
|
| 610 |
1 |
|
|a французский язык
|
| 675 |
|
|
|a 537.311.322(075.8)
|v 4
|
| 700 |
|
1 |
|a Киреев
|b П. С.
|g Петр Семенович
|
| 801 |
|
1 |
|a RU
|b 63413507
|c 20151029
|
| 801 |
|
2 |
|a RU
|b 63413507
|c 20201205
|g RCR
|
| 942 |
|
|
|c BK
|